000 00692cam a2200217 4500500
005 20260329004021.0
041 _afre
042 _adc
100 1 0 _aLacroix, Alexandre
_eauthor
245 0 0 _aSteven Pinker: “Il vaut mieux vivre en 2017 qu’à n’importe quelle époque antérieure !”
260 _c2017.
500 _a18
690 _aGuerre
690 _aHommes-Femmes
690 _aLumières
690 _aPaix
690 _aSteven Pinker
690 _aViolence
786 0 _nPhilosophie magazine | 115 | 12-1 | 2017-12-01 | p. 35-37 | 1951-1787
856 4 1 _uhttps://shs.cairn.info/magazine-philosophie-magazine-2017-12-1-page-35?lang=fr&redirect-ssocas=7080
999 _c1829793
_d1829793